العلاقة بين التخطيط و الموازنة العامة / (رقم التسجيلة. 6947)

تفاصيل مارك
000 -LEADER
fixed length control field 00570nam a22001817a 4500
005 - DATE AND TIME OF LATEST TRANSACTION
control field 20251108164229.0
008 - FIXED-LENGTH DATA ELEMENTS--GENERAL INFORMATION
fixed length control field 250721s1977 xx 000 0 ara d
082 14 - DEWEY DECIMAL CLASSIFICATION NUMBER
Classification number 338.9/فيص
100 1# - MAIN ENTRY--PERSONAL NAME
Personal name مرار، فيصل فخري
245 10 - TITLE STATEMENT
Title العلاقة بين التخطيط و الموازنة العامة /
264 1# - PRODUCTION, PUBLICATION, DISTRIBUTION, MANUFACTURE, AND COPYRIGHT NOTICE
Place of production, publication, distribution, manufacture عمان :
Name of producer, publisher, distributor, manufacturer الجامعة الأردنية،
Date of production, publication, distribution, manufacture, or copyright notice 1977.
300 ## - PHYSICAL DESCRIPTION
Extent 239ص
650 17 - SUBJECT ADDED ENTRY--TOPICAL TERM
Topical term or geographic name as entry element الإقتصاد
650 17 - SUBJECT ADDED ENTRY--TOPICAL TERM
Topical term or geographic name as entry element التخطيط الإقتصادي
650 17 - SUBJECT ADDED ENTRY--TOPICAL TERM
Topical term or geographic name as entry element السياسة الإقتصادية
942 ## - ADDED ENTRY ELEMENTS (KOHA)
Source of classification or shelving scheme Dewey Decimal Classification
Koha item type كتب
المقتنيات
حالة السحب حالة الفقدان مصدر التصنيف حالة التلف غير قابل للإعارة المكتبة الرئيسية المكتبة الحالية موقع الرف تاريخ التزويد الرقم المتسلسل Total Checkouts رقم الإستدعاء الباركود تاريخ آخر ظهور تاريخ الفاتورة نوع المادة (كوها)
    Dewey Decimal Classification     المكتبة المركزية المكتبة المركزية الإعارة 25/08/2021 1745202   338.9/فيص PLD00491532 28/07/2025 25/08/2021 كتب
    Dewey Decimal Classification     المكتبة المركزية المكتبة المركزية الإعارة 26/08/2021 1745112   338.9/فيص PLD00491593 28/07/2025 26/08/2021 كتب
    Dewey Decimal Classification     المكتبة المركزية المكتبة المركزية الإعارة 07/09/2021 1745163   338.9/فيص PLD00492063 28/07/2025 07/09/2021 كتب
Implemented & Customized by: BBB with SCIT (Smart Chains for Information Technology)

Powered by Koha